[Event "17th Prague Open 2018"]
[Site "Prague"]
[Date "2018.01.16"]
[Round "6"]
[White "Mihajlov, Sebastian"]
[Black "Michalczak, Thomas"]
[Result "1/2-1/2"]
[WhiteElo "2371"]
[BlackElo "2208"]
[Annotator "TA"]
[PlyCount "68"]
[EventDate "2018.??.??"]
[EventType "swiss"]
[EventCountry "CZE"]
[SourceTitle "playchess.com"]
[Source "ChessBase"]
[SourceQuality "1"]

{[%evp 18,68,20,7,7,0,0,0,0,0,0,0,0,0,0,-10,0,0,0,0,0,0,0,0,0,-5,0,-1,0,0,0,0,0,0,0,0,0,0,0,0,0,0,0,0,0,0,0,0,0,0,0,0,0]} 1. d4 Nf6 2. c4 g6 3. Nc3 Bg7 4. e4 d6 5. Nf3 O-O 6. h3 Nc6 7. Be3 e5 8. d5 {E90: King's Indian: Classical: Early deviations and 6 h3} Nd4 (8... Ne7 9. g4 a5 10. Nd2 c6 11. Be2 b5 12. g5 Ne8 13. cxb5 cxd5 14. Nxd5 Nxd5 15. exd5 f5 16. f3 f4 17. Bf2 Qxg5 {0-1 (36) Mkrtchian,L (2376)-Vijayalakshmi,S (2357) Riadh 2017}) 9. Nxd4 exd4 10. Bxd4 {LiveBook: 3 Games. The position is equal.} Nxe4 $1 11. Bxg7 Re8 {[#] Hoping for ...Nxc3+.} 12. Be2 {aiming for Nxe4.} Kxg7 13. Qd4+ Qf6 14. Qxf6+ Kxf6 15. Nxe4+ Rxe4 16. Kd2 $146 Bd7 17. Bd3 Re7 18. Rae1 Rae8 19. Rxe7 Rxe7 $11 {[%mdl 4096] Endgame KRB-KRB} 20. f4 h5 21. h4 Bf5 22. Be2 $1 Re4 23. g3 Rd4+ 24. Kc3 Re4 25. Kd2 Rd4+ 26. Ke3 Re4+ 27. Kf2 Rd4 {[#] White must now prevent ...Rd2.} 28. Rd1 Rxd1 29. Bxd1 {KB-KB} Bd3 30. b3 Kf5 31. Ke3 Bb1 32. a3 a5 33. b4 axb4 34. axb4 b6 {Precision: White = 82%, Black = 70%.} 1/2-1/2

[Event "17th Prague Open 2018"]
[Site "Prague"]
[Date "2018.01.16"]
[Round "6"]
[White "Liu, Yi"]
[Black "Utiatskaja, Irina"]
[Result "1/2-1/2"]
[WhiteElo "2337"]
[BlackElo "2164"]
[Annotator "TA"]
[PlyCount "97"]
[EventDate "2018.??.??"]
[EventType "swiss"]
[EventCountry "CZE"]
[SourceTitle "playchess.com"]
[Source "ChessBase"]
[SourceQuality "1"]

{[%evp 20,97,38,28,37,36,33,-62,-72,-141,-147,-138,-136,-145,-140,-146,-143,-140,-139,-141,-145,-161,-155,-182,-158,-180,-171,-188,-189,-183,-175,-188,-187,-190,-179,-177,-178,-179,-175,-174,-152,-161,-129,-118,-77,-77,-70,-64,-68,-66,-38,-43,-35,-45,-13,-69,-33,-52,-37,-129,-119,-268,-256,-269,-191,-195,-210,-266,-266,-266,-267,-190,0,0,0,0,0,0,0,0]} 1. d4 Nf6 2. c4 g6 3. Nc3 Bg7 4. e4 d6 5. Nf3 O-O 6. Be2 e5 7. O-O exd4 8. Nxd4 Re8 9. f3 c6 10. Kh1 a6 11. Bg5 h6 {E94: King's Indian: Classical: 6 Be2 e5 7 0-0: Various Black 7th moves} 12. Bh4 Nbd7 13. Qd2 ({White should try} 13. Qc1 $14) 13... Nxe4 $1 $15 {Black is slightly better.} 14. Nxe4 (14. Qe1 $142 Nef6 15. Rd1) 14... Qxh4 $17 15. g3 $146 ({Predecessor:} 15. Nb3 Rxe4 16. fxe4 Be5 17. g3 Bxg3 18. Bf3 Ne5 19. Qg2 {0-1 (46) Terzic,S (2283)-Atalik,S (2620) Zenica 2005}) 15... Qe7 16. Rfe1 Nf6 17. Bf1 {aiming for Nxf6+.} Nxe4 18. Rxe4 Qd8 19. Rxe8+ Qxe8 20. Re1 Qd8 21. Bg2 Bd7 22. Ne2 Qf6 23. Nc3 Be6 24. Qxd6 Bxc4 25. Qc7 Qd8 $1 {[%cal Rd8c7]} 26. Qxb7 Rb8 $1 {[%cal Rb8b7]} 27. Qxc6 {[#]} Bxc3 $1 28. bxc3 Qd2 29. Rg1 Qxa2 ({Not} 29... Qxc3 30. Bf1 $11) 30. h4 h5 31. Qf6 Qd2 (31... Bd5 {with more complications.} 32. g4 hxg4 33. fxg4 Qd2 34. Qe5 Bxg2+ 35. Rxg2 Qd8) 32. Qd4 Qxd4 33. cxd4 {[%mdl 4096] Endgame KRB-KRB} Rb2 34. Rc1 Be6 35. f4 Rd2 36. Ra1 Bc4 37. d5 (37. Bb7 $11) 37... Kf8 38. Kg1 Ke7 39. Bf1 (39. f5 $15) 39... Bb5 ({Resist} 39... Bxd5 40. Ra5 $15) 40. Bxb5 (40. f5 $17) 40... axb5 {KR-KR} 41. Ra7+ Kf6 42. Rd7 {[#]} Kf5 $1 43. Rxf7+ Kg4 44. Rf6 Kxg3 {[%cal Rd2d1]} 45. Rxg6+ Kxh4 $2 (45... Kxf4 $19 46. Rg5 b4) 46. d6 $11 {The position is equal.} b4 47. f5 Rd5 48. Rg2 Rxd6 {...Rb6 is the strong threat.} 49. Rb2 {Precision: White = 54%, Black = 80%.} 1/2-1/2

[Event "17th Prague Open 2018"]
[Site "Prague"]
[Date "2018.01.16"]
[Round "6"]
[White "Schippers, Maurice"]
[Black "Taranenko, Evgueniy"]
[Result "1-0"]
[WhiteElo "2309"]
[BlackElo "2154"]
[Annotator "TA"]
[PlyCount "113"]
[EventDate "2018.??.??"]
[EventType "swiss"]
[EventCountry "CZE"]
[SourceTitle "playchess.com"]
[Source "ChessBase"]
[SourceQuality "1"]

{[%evp 14,113,50,17,24,-8,71,75,64,47,317,315,667,689,929,169,175,177,170,177,169,186,168,183,212,214,362,207,212,183,197,173,268,227,302,331,313,318,283,306,291,292,282,172,358,339,329,342,341,268,258,170,161,144,245,89,283,291,306,306,283,298,314,290,343,307,329,194,297,223,203,104,104,104,107,104,110,110,141,138,641,602,794,793,785,772,771,776,699,693,692,661,648,639,575,534,29969,29970,29965,29971,29969,29971]} 1. e4 c5 2. Nf3 e6 3. b3 Nf6 4. e5 Nd5 5. c4 Nc7 {[%cal Bd5c7,Bc7e8,Be8f6][%mdl 32]} 6. Bb2 Be7 7. Nc3 {B40: Sicilian: 2...e6, Unusual lines} (7. d4 cxd4 8. Nxd4 O-O 9. Bd3 f6 10. exf6 Bxf6 11. Qc2 h6 12. O-O Nc6 13. Nxc6 bxc6 14. Nd2 c5 {1-0 (30) Zvjaginsev,V (2678)-Franco Alonso,A (2479) Eilat 2012}) 7... O-O 8. Ne4 {LiveBook: 3 Games} Ne8 9. Bd3 {[%cal Bf1d3,Bd3e2,Be2g4][%mdl 32] White has an edge.} f5 $146 (9... d6 $11) ({Predecessor:} 9... Nc6 10. Qe2 b6 11. h4 g6 12. h5 d5 13. exd6 Nxd6 14. Nxd6 Qxd6 15. hxg6 fxg6 16. Rxh7 Kxh7 17. Ng5+ Kg8 18. Qh5 Rf6 19. Qh7+ {1-0 (19) Fogarasi,T (2460)-Medvegy,N (2385) Budapest 2003}) 10. exf6 $1 $16 Nxf6 11. Qc2 Kh8 $2 {[%mdl 8192]} (11... h6 $1 $14) 12. Neg5 $18 {Threatens to win with Ne5.} h6 $2 {[#]} (12... Ng4) 13. Be2 $1 {Intending Bxf6 and mate.} hxg5 14. Nxg5 $2 (14. h4 Kg8 15. hxg5) 14... Ne4 15. Nxe4 d5 16. Qc3 $40 {[%csl Gb2][%cal Rc3g7][%mdl 128] White attacks with force.} d4 17. Qh3+ Kg8 18. Bg4 Qb6 19. O-O {And now f4 would win.} Na6 (19... Qc6 {might work better.}) 20. Rae1 (20. f4 $142 {Strongly threatening Ng5.} Qd8 21. Rae1) 20... e5 21. Ng3 Bxg4 22. Qxg4 Bf6 (22... Rf4 {keeps fighting.} 23. Qh5 Bf6) 23. f4 exf4 24. Re6 (24. Rxf4 Rae8 $18) 24... fxg3 25. Rxb6 gxh2+ 26. Kxh2 axb6 27. Qe6+ Rf7 28. a3 Raf8 $2 (28... Nc7 {was worth a try.} 29. Qxb6 Be5+ 30. Kg1 Ra6 31. Qxc5 Bh2+ 32. Kxh2 Rxf1) 29. g3 Nb8 30. Kg2 Nc6 31. Rf5 Ne7 32. Rh5 g6 33. Rh1 Nc6 (33... Nf5 $16 34. Rf1 Kg7 35. Qxb6 Be7) 34. b4 $2 (34. d3 $18 {is more deadly.}) 34... Ne5 $2 (34... Kg7 $16) 35. Rf1 Nd7 36. d3 Kg7 37. Bc1 Re7 38. Qd6 Re2+ 39. Kg1 Rf7 40. Bf4 (40. g4 $142 Ne5 41. g5 (41. bxc5 bxc5 42. Qxc5 Nxg4 $18) (41. Qxb6 Nxd3 42. Rxf6 Rxf6 $18)) 40... Ree7 (40... Rfe7 {is a better defense.} 41. Qd5 Ne5) 41. Qd5 {aiming for g4.} Ne5 42. Bxe5 (42. Qh1 $18) 42... Rxe5 $16 43. Qd6 Re3 44. Kg2 Rxd3 45. Qxb6 cxb4 46. axb4 Rc3 $2 {[%mdl 8192] [#]} (46... Rb3 $16 47. Rf2 Re3) 47. Rxf6 $1 $18 {[%mdl 512]} Rc2+ (47... Rxf6 48. Qxb7+) 48. Kh3 Rxf6 49. Qxb7+ {[%mdl 4096] Endgame KQ-KRR} ({Not} 49. Qxd4 Rcf2 $16) 49... Kh6 50. Qd5 Rf5 51. Qxd4 Rh5+ 52. Kg4 {[%cal Rd4h8]} Rg5+ 53. Kf3 {[%cal Rd4h8]} Rf5+ 54. Ke3 {White threatens Qh8+ and mate.} Rff2 {White must now prevent ...Rce2+.} 55. Qh8+ {White mates.} Kg5 56. Qh4+ Kf5 57. g4+ {Precision: White = 52%, Black = 29%.} 1-0

[Event "17th Prague Open 2018"]
[Site "Prague"]
[Date "2018.01.16"]
[Round "6"]
[White "Pushkov, Nikolai"]
[Black "Kiriakov, Petr"]
[Result "1/2-1/2"]
[WhiteElo "2298"]
[BlackElo "2528"]
[Annotator "TA"]
[PlyCount "29"]
[EventDate "2018.??.??"]
[EventType "swiss"]
[EventCountry "CZE"]
[SourceTitle "playchess.com"]
[Source "ChessBase"]
[SourceQuality "1"]

{[%evp 15,24,23,30,31,24,19,43,27,27,23,26]} 1. c4 e6 2. Nc3 Bb4 3. Qc2 c5 4. Nf3 Nf6 5. a3 Ba5 6. e3 O-O 7. d4 b6 {A17: Englische Eröffnung} 8. Be2 d5 {LiveBook: 3 Partien} 9. O-O Bxc3 10. Qxc3 Ba6 11. dxc5 bxc5 12. b3 Nbd7 {Vorgänger:} 13. Bb2 $146 Rb8 14. Rab1 Rb6 15. Ba1 {1-0 (38) Malakhov,V (2700)-Sokolov,A (2585) Belfort 2004} 1/2-1/2

[Event "17th Prague Open 2018"]
[Site "Prague"]
[Date "2018.01.16"]
[Round "6"]
[White "Certek, Pavel"]
[Black "Pena Gomez, Manuel"]
[Result "0-1"]
[WhiteElo "2286"]
[BlackElo "2491"]
[Annotator "TA"]
[PlyCount "78"]
[EventDate "2018.??.??"]
[EventType "swiss"]
[EventCountry "CZE"]
[SourceTitle "playchess.com"]
[Source "ChessBase"]
[SourceQuality "1"]

{[%evp 14,78,59,29,47,47,84,50,86,84,102,70,69,57,129,108,106,116,97,101,127,120,122,64,56,59,57,69,72,52,47,27,20,-18,10,-57,-69,-57,-61,-56,-44,-66,-68,-77,-63,-69,-36,-38,-11,-77,-68,-94,-85,-90,-85,-81,-92,-89,-87,-80,-87,-251,-243,-6462,-6403,-5883,-5192]} 1. Nf3 Nf6 2. d4 g6 3. c4 Bg7 4. g3 c5 5. Bg2 O-O 6. O-O Na6 7. Nc3 d6 8. h3 {LiveBook: 36 Games} Qa5 {E65: King's Indian: Fianchetto: 6...c5 7 0-0 without d5 by White} (8... Bd7 9. b3 Qc8 10. Kh2 Bc6 11. Bb2 cxd4 12. Nxd4 Bxg2 13. Kxg2 Nc5 14. Qc2 b6 15. e4 Qb7 16. f3 Rac8 17. Rad1 {1-0 (30) Edouard,R (2613)-Lopez Rivera,J (2351) Roquetas de Mar 2017}) 9. d5 $146 ({Predecessor:} 9. Qa4 Qxa4 10. Nxa4 Bd7 11. Nc3 Rac8 12. Be3 cxd4 13. Nxd4 Rxc4 14. Bxb7 Nc5 15. Bg2 Rc8 16. Rfd1 {0-1 (61) Lomer,E (2049)-Emami,M (2045) Sooden Allendorf 2015}) 9... Bd7 10. Bd2 Qd8 {White is slightly better.} 11. e4 Rb8 12. Re1 Qc8 13. Kh2 Nb4 ({Better is} 13... b5 $14) 14. Bf1 Ne8 15. a3 Na6 16. e5 dxe5 17. Nxe5 Nd6 18. Nxd7 ({White should try} 18. Bf4 $16) 18... Qxd7 $14 19. Bf4 Nc7 20. Qa4 Qd8 21. Rac1 a6 22. b4 (22. Qd1 {looks sharper.} b5 23. b3 Bd4 24. Kg1 bxc4 25. bxc4 Re8 26. Be3) 22... b5 23. cxb5 (23. Qa5 {seems wilder.} cxb4 24. axb4 bxc4 25. Bxc4 Nxc4 26. Qxc7 Rc8 27. Qxd8 Rcxd8 28. Na4) 23... cxb4 (23... Bxc3 {with more complications.} 24. Rxc3 Nxd5 25. Rf3 axb5 26. Qd1 Nxf4 27. bxc5 Ne6) 24. Qxb4 (24. axb4 $11 Bxc3 25. Bxd6 exd6 26. Rxc3 Nxd5 27. Rd3 axb5 28. Qb3) 24... Bxc3 $1 $15 25. Qxc3 Nxd5 26. Qd2 Nxf4 27. Qxf4 axb5 28. Qe5 Rb7 29. h4 h5 30. Rc5 {[%cal Rf1b5]} Qb8 31. Qe3 (31. Bd3 $11 {keeps the balance.}) 31... Qa7 $17 32. Bg2 Rbb8 33. Rec1 Nc4 34. Qg5 e5 $36 {[%mdl 2048] Black is in control.} ({Reject} 34... Nxa3 35. Bd5 $11) 35. Rc6 {[#]} Rb6 $1 {[%cal Rb6c6]} ({But not} 35... Qxf2 $6 {[#]} 36. Rxg6+ $1 {[%mdl 512]} fxg6 37. Qxg6+ Kh8 38. Qh6+ Kg8 39. Qg6+ Kh8 40. Qh6+ Kg8 41. Qg6+ $11) 36. Rxb6 Qxb6 ({Of course not} 36... Nxb6 $6 37. Qxe5 Nc8 38. Rc5 $14) 37. a4 $2 (37. Rc2 $17) 37... Qxf2 $19 38. axb5 $2 (38. Rc3) 38... Ne3 {[%csl Ge3][%cal Rf2g2]} 39. Rg1 Ng4+ {Precision: White = 36%, Black = 57%.} 0-1

[Event "17th Prague Open 2018"]
[Site "Prague"]
[Date "2018.01.16"]
[Round "6"]
[White "Hainke, Guntram"]
[Black "Druska, Juraj"]
[Result "1-0"]
[WhiteElo "2283"]
[BlackElo "2435"]
[Annotator "TA"]
[PlyCount "51"]
[EventDate "2018.??.??"]
[EventType "swiss"]
[EventCountry "CZE"]
[SourceTitle "playchess.com"]
[Source "ChessBase"]
[SourceQuality "1"]

{[%evp 14,51,37,15,37,42,32,36,43,31,117,93,114,126,133,0,13,0,94,30,75,57,290,269,797,808,791,801,776,526,788,772,1295,1290,1360,1365,29994,29995,29996,29997]} 1. d4 Nf6 2. c4 e6 3. Nc3 Bb4 4. e3 b6 5. Nge2 c5 6. a3 Ba5 7. Rb1 Na6 8. g3 Bb7 {E42: Nimzo-Indian: Rubinstein: 4...c5 5 Ne2} 9. d5 $1 b5 10. Bg2 bxc4 {White is slightly better.} 11. O-O e5 (11... Bxc3 $14 12. Nxc3 exd5) (11... O-O 12. e4 exd5 13. exd5 d6 14. h3 Nc7 15. g4 Nd7 16. Bf4 Bxc3 17. Nxc3 {1-0 (33) Duda,J (2697)-Urkedal,F (2541) Khanty-Mansiysk 2017}) 12. e4 $16 {[%mdl 1024] White has strong compensation.} O-O 13. f4 Re8 {[#]} 14. f5 $146 (14. fxe5 $1 $16 Rxe5 15. Bf4) ({Predecessor:} 14. h3 d6 15. Kh1 Bc8 16. f5 {½-½ (32) Conquest,S (2505)-Dgebuadze,A (2535) Birmingham 2006}) 14... d6 $11 15. Bf3 Qb6 (15... h6 $1 $11 {remains equal.}) 16. Be3 (16. g4 $16) 16... Qb3 17. Qd2 Nc7 $2 {[#]} ({Better is} 17... Nd7 $14) 18. Bh6 $1 $18 {[%mdl 512]} Rf8 $2 {[#]} (18... gxh6 19. Qxh6 {[#]} Ncxd5 $1 {[%mdl 512]}) 19. Bxg7 $1 {[%mdl 512]} Kxg7 20. Qg5+ Kh8 21. Qxf6+ Kg8 22. Bh5 Qb6 23. Qh6 {Intending f6 and mate.} Ne8 {[#]} 24. Bg6 $1 {[%csl Gg6][%cal Rh6h7][%mdl 512]} Nf6 {[#]} (24... fxg6 25. fxg6) 25. Bxh7+ $1 {[%mdl 512]} Nxh7 26. f6 {Precision: White = 72%, Black = 20%.} 1-0

[Event "17th Prague Open 2018"]
[Site "Prague"]
[Date "2018.01.16"]
[Round "6"]
[White "Prudnykova, Olga"]
[Black "Akshat, Khamparia"]
[Result "0-1"]
[WhiteElo "2280"]
[BlackElo "2381"]
[Annotator "TA"]
[PlyCount "118"]
[EventDate "2018.??.??"]
[EventType "swiss"]
[EventCountry "CZE"]
[SourceTitle "playchess.com"]
[Source "ChessBase"]
[SourceQuality "1"]

{[%evp 18,118,23,20,27,19,31,16,25,27,52,36,47,29,45,0,0,-73,-65,-55,-89,-207,-212,-207,-192,-250,-254,-236,-187,-163,-163,-170,-163,-248,-231,-279,-263,-256,-258,-252,-192,-200,-200,-229,-225,-279,-209,-244,-209,-262,-256,-258,-254,-267,-220,-213,-218,-189,-164,-230,-229,-330,-318,-332,-317,-352,-362,-350,-328,-424,-430,-470,-449,-523,-501,-528,-506,-532,-514,-530,-514,-667,-645,-714,-705,-734,-700,-779,-785,-819,-819,-810,-810,-745,-745,-555,-527,-5842,-5756,-5100,-4936,-2688,-1297]} 1. e4 c5 2. Nf3 d6 3. d4 cxd4 4. Nxd4 Nf6 5. Nc3 g6 6. Be2 Bg7 7. O-O O-O 8. Bg5 Nc6 9. Nb3 h6 10. Bh4 {LiveBook: 13 Games. B70: Sicilian Dragon: 6 g3 and 6 Be2 (without a later Be3)} (10. Be3 b6 11. Qd2 Kh7 12. f4 Bb7 13. Rad1 Rc8 14. Bf3 Qc7 15. Qf2 Qb8 16. a3 e6 17. Qh4 Ne7 {1-0 (48) Najer,E (2653)-Lu,S (2546) Dubai 2014}) 10... a6 11. f4 b5 12. Bf3 {aiming for e5.White is slightly better.} Bb7 13. Nd5 Nd7 $146 ({Predecessor:} 13... Nh7 14. c3 g5 15. Bg3 e6 16. Ne3 Qb6 17. Qd2 Rad8 {0-1 (25) Paschke,M-Krieger,H (2215) Germany 1996}) 14. c3 Re8 15. Qd2 Qb8 16. Bg4 e6 17. f5 {[#]} (17. Ne3 $11 {remains equal.}) 17... Nce5 $1 $17 {[%cal Re5g4]} 18. fxe6 fxe6 19. Ne7+ {[#]} (19. Ne3 $17) 19... Rxe7 $1 $19 {[%mdl 512]} 20. Bxe7 Nxg4 21. Bxd6 (21. Qxd6 $142 Qxd6 22. Bxd6) 21... Qa7+ 22. Kh1 Qe3 23. Rae1 Qxd2 24. Nxd2 Nge5 25. b3 (25. Re3 {was worth a try.}) 25... Nf7 26. e5 Ndxe5 27. Bxe5 Nxe5 ({Less strong is} 27... Bxe5 {[#]} 28. Rxf7 $1 {[%mdl 512]} Kxf7 29. Rxe5 $17) 28. Ne4 {intending Nf6+.} Rf8 29. Nc5 Bc8 30. Kg1 Rf5 31. Rd1 {Strongly threatening Rd8+.} Nf7 32. Ne4 Be5 33. c4 bxc4 34. bxc4 Kg7 35. h3 Bc7 36. c5 Kf8 37. g4 Rxf1+ 38. Kxf1 (38. Rxf1 $142 Ke7 39. Rb1) 38... Ke7 39. Ke2 (39. Rb1 $142) 39... Bb7 40. Ke3 g5 41. Rf1 Bf4+ 42. Kd4 Ne5 43. Rd1 Bd5 {Black is clearly winning.} 44. a3 Nc4 {Threatens to win with ...Be5+.} 45. c6 Bxc6 46. Nc5 Bd5 47. Nxa6 Be5+ 48. Kc5 Bd6+ 49. Kb5 Nxa3+ 50. Kb6 Nc4+ 51. Kb5 Ne3 52. Ra1 Ng2 53. Nc5 Bxc5 54. Kxc5 Nf4 55. Kd4 Kf6 56. Ra3 Bg2 57. Ra7 Bxh3 58. Rh7 Kg6 59. Rh8 Bxg4 {Precision: White = 28%, Black = 91%.} 0-1

[Event "17th Prague Open 2018"]
[Site "Prague"]
[Date "2018.01.16"]
[Round "6"]
[White "Zwahr, Paul"]
[Black "Popov, Mikhail"]
[Result "0-1"]
[WhiteElo "2269"]
[BlackElo "2416"]
[Annotator "TA"]
[PlyCount "102"]
[EventDate "2018.??.??"]
[EventType "swiss"]
[EventCountry "CZE"]
[SourceTitle "playchess.com"]
[Source "ChessBase"]
[SourceQuality "1"]

{[%evp 38,102,22,22,19,12,12,14,14,9,12,7,17,17,92,33,23,0,0,0,0,0,0,0,0,0,0,-86,0,0,0,0,0,0,0,0,12,0,0,-293,-294,-910,-1158,-975,-1016,-916,-795,-1916,-323,-379,-376,-1589,-1852,-1490,-1695,-1527,-1679,-1314,-1523,-1368,-833,-835,-811,-5130,-5122,-5114,-5002]} 1. e4 c6 2. d4 d5 3. Nd2 dxe4 4. Nxe4 Bf5 5. Ng3 Bg6 6. h4 h6 7. Nf3 Nd7 8. h5 Bh7 9. Bd3 Bxd3 10. Qxd3 e6 11. Bd2 Qc7 12. O-O-O Ngf6 13. Ne4 O-O-O 14. g3 Nxe4 15. Qxe4 Nf6 16. Qe2 Bd6 17. c4 c5 18. Bc3 cxd4 19. Nxd4 a6 20. Kb1 Rd7 {B19: Classical Caro-Kann: 4...Bf5 main line} 21. Nb3 (21. g4 Rhd8 22. Nb3 Bf4 23. Rxd7 Qxd7 24. f3 e5 25. Rf1 {½-½ (32) Dominguez Perez,L (2719)-Mchedlishvili,M (2618) Baku 2011}) 21... Qc6 22. Rh4 Rhd8 {The position is equal.} 23. Rc1 Bc7 24. c5 Kb8 25. Ba5 Ng8 $146 (25... Ka7 $11 {remains equal.}) ({Predecessor:} 25... Bxa5 26. Nxa5 Qc7 27. c6 Rd2 28. Qe1 {1-0 (58) Kotronias,V (2593)-Doric,D (2464) Rijeka 2010}) 26. Rb4 (26. Rg4 $16) 26... Ne7 $1 $14 27. Bxc7+ Qxc7 28. Qxa6 Nc6 29. Rb6 Rd1 30. Qe2 Rxc1+ 31. Nxc1 Rd5 {White must now prevent ...Nd4.} 32. Nb3 {[#]} (32. b4 $1 $11 {keeps the balance.}) 32... Qd8 (32... Qe5 $1 $17 {[%cal Re5e2]} 33. Qxe5+ Rxe5) 33. Qa6 {[%csl Gb6][%cal Ra6b7]} Rd1+ 34. Kc2 {[%csl Gb6][%cal Ra6b7]} Rd7 35. Kb1 Rd1+ 36. Kc2 {[%csl Gb6][%cal Ra6b7]} Rd7 37. Kb1 Qf6 {aiming for ...Qf5+.} 38. Qe2 $2 {[%mdl 8192]} (38. Rxb7+ $11 Rxb7 39. Qxc6) 38... Qf5+ $19 39. Ka1 $2 {[#]} (39. Qc2 Rd1+ 40. Nc1 Qxh5 41. a3) 39... Qxf2 $1 {[%mdl 512] ( -> ...Qg1+)} 40. Qc4 (40. Qxf2 Rd1+) 40... Rd1+ 41. Nc1 Qd4 42. Qc2 Rd2 $2 (42... Qg1 43. Kb1 Nd4) 43. Qb3 Qxc5 {[%cal Rc5c1]} 44. Kb1 $2 (44. Qc3 Rc2 45. Qxc5 Rxc5 46. Kb1) 44... Qf5+ {Black is clearly winning.} 45. Ka1 Rc2 {[%cal Rc2c1]} 46. Rxc6 Rxc6 {[%cal Rc6c1] KQR-KQN} 47. Qd1 Qd5 48. Qe1 Rd6 49. a3 Qd1 50. Qe3 Rc6 51. Kb1 Qc2+ {Precision: White = 38%, Black = 69%.} 0-1

[Event "17th Prague Open 2018"]
[Site "Prague"]
[Date "2018.01.16"]
[Round "6"]
[White "Ustinov, Alexey"]
[Black "Chekletsov, Ilya"]
[Result "0-1"]
[WhiteElo "2240"]
[BlackElo "2373"]
[Annotator "TA"]
[PlyCount "88"]
[EventDate "2018.??.??"]
[EventType "swiss"]
[EventCountry "CZE"]
[SourceTitle "playchess.com"]
[Source "ChessBase"]
[SourceQuality "1"]

{[%evp 9,88,25,33,-25,27,16,26,20,16,13,21,8,35,0,3,1,17,-2,0,-56,16,-16,-16,-5,-17,-14,-12,-33,-36,-74,-41,-65,-65,-72,-52,-55,-23,-27,-6,-25,-10,-14,0,-13,-2,-16,-19,-78,-84,-83,-58,-165,-80,-105,-101,-133,-129,-200,-182,-320,-312,-317,-313,-313,-316,-632,-614,-531,-610,-728,-716,-677,-649,-624,-611,-1121,-706,-1370,-752,-1525,-1412]} 1. c4 e6 2. Nc3 Bb4 3. Qc2 c5 4. a3 Ba5 (4... Bxc3 5. Qxc3 Qf6 6. Qxf6 Nxf6 7. b4 b6 8. Nf3 Nc6 9. Rb1 d6 10. e3 e5 11. bxc5 bxc5 {½-½ (54) Giri,A (2764)-Kramnik,V (2789) Leuven 2017}) 5. Nf3 Nc6 6. d3 $146 {A13: English Opening: 1...e6} (6. e3 $14) ({Predecessor:} 6. e3 d5 7. Na4 Bb6 8. cxd5 Qxd5 9. Bc4 Qf5 10. Bd3 Qh5 11. Be2 Nf6 12. b4 e5 13. d3 O-O 14. Nxc5 Bg4 {½-½ (14) Molner,M (2491)-Akobian,V (2617) Los Angeles 2012}) 6... a6 ({Better is} 6... d5 7. Bd2 Nf6) 7. Bd2 Nf6 8. g3 {White has an edge.} O-O 9. Bg2 Rb8 10. O-O Qe7 11. Rac1 h6 12. Rfd1 Rd8 13. h3 d6 14. Be3 (14. e3 $11) 14... e5 (14... b5 $15) 15. Nd5 (15. b4 $5 cxb4 16. Nd5 $11) 15... Nxd5 16. cxd5 Nd4 17. Nxd4 exd4 18. Bd2 Bxd2 19. Rxd2 Bd7 20. b4 {[%cal Rb4c5]} b6 21. Rdd1 {[%cal Bd2d1,Bd1e1,Be1e3][%mdl 32]} Rbc8 22. Qb2 Ba4 23. Re1 Rb8 24. e3 dxe3 25. Rxe3 Qc7 26. Re4 Bd7 27. Re7 Re8 $36 {[%mdl 2048] Black is more active.} 28. Rce1 (28. Rxe8+ $11 Rxe8 29. h4) 28... Rxe7 $17 29. Rxe7 Re8 30. Qe2 (30. Rxe8+ $15 Bxe8 31. bxc5 bxc5 32. h4) 30... Qd8 (30... Rxe7 $19 {and Black stays clearly on top.} 31. Qxe7 cxb4 32. axb4 a5 33. bxa5 bxa5) 31. Re4 cxb4 32. axb4 {[#]} a5 $1 {[%cal Ba6a5,Ba5a4][%mdl 32]} 33. Qb2 (33. bxa5 $17 bxa5 34. Qb2) 33... a4 $19 34. b5 (34. Rc4 {was worth a try.}) 34... Qa8 35. Qa3 Rxe4 ({Weaker is} 35... Bxb5 36. Bf3 $17) 36. dxe4 {intending Bf1.} Bxb5 37. f4 $2 {[#]} (37. Kh2) 37... Be8 {Black is clearly winning.} 38. e5 b5 {[%cal Bb6b5,Bb5b4][%mdl 32]} 39. Be4 Qa7+ 40. Kg2 Qd4 41. Kf3 b4 42. Qa2 dxe5 {...b3 is the strong threat.} 43. fxe5 Qxe5 44. Qe2 f5 {Precision: White = 18%, Black = 54%.} 0-1